8 mots dans mots : bic (mort subite) - Statistiques

Statistiques générales
  • Ce quiz a été pris 37 fois
  • Le résultat moyen est 5 sur 8
Answers on the Grid
Answers color-coded by a green-red scale on the quiz's grid according to % correct below.
mozam---ain
juri---tionnalisation
gri---he
surmé---aliser
perpen---ulairement
ru---onde
extraju---iairement
her---ide
contra---toirement
cha---hou
syn---aliser
bi---he
ri---uliser
ara---a
préju---ier
bar---hette
 
Statistiques - réponses
Réponse % Correct
mozam---ain
90%
bar---hette
73%
her---ide
70%
ara---a
67%
bi---he
67%
gri---he
63%
ru---onde
53%
cha---hou
50%
Aucun quiz correspondant
Distribution des résultats
% des personnes avec chaque résultat
Percentile par nombre de réponses
Votre historique - résultats
Vous n’avez pas pris ce quiz